صور من مدرسة بهزاد في المجموعات الفنية بالقاهرة / Ṣuwar min madrasat Bihzād fī al-majmūʻāt al-fannīyah bi-al-Qāhirah

محفوظ في:

المؤلف الرئيسي: Muḥamad Muṣṭafá..

التنسيق: كتاب

اللغة: Undetermined

منشور في: Al-Qāhirah : Vūldimār Klāīn,, 1959.

سلاسل: سلسلة الينبوع الفضي ؛, 38

الموضوعات:

الوسوم: إضافة وسم

لا توجد وسوم, كن أول من يضع وسما على هذه التسجيلة!

رقم الطلب: (P)ND3241 .M8125

LEADER 01006nam a2200193Ia 4500
008 240329s9999||||xx |||||||||||||| ||und||
050 4 |a (P)ND3241 .M8125 
100 1 |a Muḥamad Muṣṭafá.. 
245 1 0 |a صور من مدرسة بهزاد في المجموعات الفنية بالقاهرة / Ṣuwar min madrasat Bihzād fī al-majmūʻāt al-fannīyah bi-al-Qāhirah  |c Muḥamad Muṣṭafá. 
264 1 |a Al-Qāhirah :  |b Vūldimār Klāīn,,  |c 1959. 
300 |a 22 , 12 leaves of plates  |b color illustrations  |c 19 
490 0 |a  سلسلة الينبوع الفضي ؛, 38  
500 |a Translation of: Persische Miniaturen (Baden-Baden : W. Klein, 1959) via its English translation, Persian miniatures of Behzad & his school in Cairo collections (London : Oswald Wolff, 1960) 
650 |a Bihzād, active 16th century 
650 |a Bihzād, active 16th century Influence 
650 |a Influence (Literary, artistic, etc.) 
650 |a Miniature (Peinture) iranienne 
942 |2 lcc  |c BK 
999 |c 57840  |d 57840